| 000 | 02274njm a2200409Ia 4500 | ||
|---|---|---|---|
| 001 | 23835 | ||
| 003 | IT-RoPAU | ||
| 005 | 20220918181207.0 | ||
| 008 | 131025s9999 xx 000 0 und d | ||
| 040 | _aIT-RoPAU | ||
| 040 | _cIT-RoPAU | ||
| 999 |
_c103527 _d103527 |
||
| 999 | _bn.d. | ||
| 100 |
_aAA.VV. _9794 |
||
| 100 |
_eAutore musica _96448 |
||
| 100 |
_gCodice autore musica SPICS: 12000 _9796 |
||
| 245 | _aPrima orchestra popolare di flauti (La) (Lp Rlv 90552) | ||
| 250 | _a1a ed. | ||
| 260 | _aMILANO | ||
| 260 |
_bRI - FI RECORD COMPANY _c1977 [1a Ed.:1977] |
||
| 300 | _aDISCO | ||
| 300 | _c40 minuti (Testo: pag.) | ||
| 500 | _aMusica popolare. Flauto | ||
| 505 | _aRomanza "Il tramonto" (4:00) - Giga da una sonata in fa magg per flauto (3:00) - Dvorakiana N.1 per 4 fl in do, 2 fl in sol e flauto basso (4:00) - Alleluja da un graduale in re magg (3:00) - Matrosenlied o canto del marinaio 4:00) - Arie irlandesi (4:00) - Spirituals (6:00) - Elegia (4:00) - Flauti di pace (6:00) - Gaudium (5:00) | ||
| 511 | _aOrchestra Popolare di Flauti diretta da Kessick Marlaena | ||
| 650 |
_aVARIO [DISCHI] _eCodice MATERIA SPICS: 9950 _96449 |
||
| 700 |
_aKessick Marlaena _dCodice autore SPICS: 13913 _eAutore _96450 |
||
| 700 |
_aVerdi Giuseppe _dCodice autore musica SPICS: 89 _eAutore musica _pRomanza "Il tramonto" _96451 |
||
| 700 |
_aHandel Georg Friedrich _dCodice autore musica SPICS: 5619 _eAutore musica _pGiga da una sonata in fa magg per flauto _96452 |
||
| 700 |
_aDvorak Antonin _dCodice autore musica SPICS: 10772 _eAutore musica _pDvorakiana N.1 per 4 fl in do, 2 fl in sol e flauto basso _96453 |
||
| 700 |
_aScarlatti Alessandro _dCodice autore musica SPICS: 11143 _eAutore musica _pAlleluja da un graduale in re magg _96454 |
||
| 700 |
_aHaydn Franz Joseph _dCodice autore musica SPICS: 5572 _eAutore musica _pMatrosenlied o canto del marinaio _96455 |
||
| 700 |
_aAnonimo _dCodice autore musica SPICS: 2620 _eAutore musica _pArie irlandesi - Spirituals _96456 |
||
| 700 |
_aChailly Luciano _dCodice autore musica SPICS: 8154 _eAutore musica _pElegia _96457 |
||
| 700 |
_aMarconi Luca _dCodice autore musica SPICS: 13914 _eAutore musica _pFlauti di pace _96458 |
||
| 700 |
_aLo Vetere I. _dCodice autore musica SPICS: 13915 _eAutore musica _pGaudium _96459 |
||
| 942 |
_cMD _2ddc |
||